NLSUI OPAC header image

Intellectual property and conflict of laws / (Record no. 217988)

MARC details
000 -LEADER
fixed length control field 02571nam a22002895i 4500
001 - CONTROL NUMBER
control field in00024414943
005 - DATE AND TIME OF LATEST TRANSACTION
control field 20260608145951.0
008 - FIXED-LENGTH DATA ELEMENTS--GENERAL INFORMATION
fixed length control field 260121s2026 mau 000 0 eng
010 ## - LIBRARY OF CONGRESS CONTROL NUMBER
LC control number 2026931879
020 ## - INTERNATIONAL STANDARD BOOK NUMBER
International Standard Book Number 9781035346141
Qualifying information (hardback)
040 ## - CATALOGING SOURCE
Original cataloging agency DLC
Language of cataloging eng
Description conventions rda
Transcribing agency DLC
042 ## - AUTHENTICATION CODE
Authentication code pcc
082 ## - DEWEY DECIMAL CLASSIFICATION NUMBER
Classification number 346.048 TRI
100 1# - MAIN ENTRY--PERSONAL NAME
Personal name Trimble, Marketa,
245 10 - TITLE STATEMENT
Title Intellectual property and conflict of laws /
Statement of responsibility, etc. Marketa Trimble.
264 #1 - PRODUCTION, PUBLICATION, DISTRIBUTION, MANUFACTURE, AND COPYRIGHT NOTICE
Place of production, publication, distribution, manufacture Northampton :
Name of producer, publisher, distributor, manufacturer Edward Elgar Publishing,
Date of production, publication, distribution, manufacture, or copyright notice 2026.
300 ## - PHYSICAL DESCRIPTION
Extent xvi, 198 pages;pages cm
Dimensions 24 cm.
365 ## - TRADE PRICE
Price amount Rs. 12464.00
490 0# - SERIES STATEMENT
Series statement Principles of intellectual property law series
505 ## - Contents
Contents 1 Sources of conflict-of-laws rules and principles, and intellectual property -<br/>2 General principles of conflict of laws and intellectual property law -<br/>3 Choice of law in intellectual property cases and transactions -<br/>4 Jurisdiction in intellectual property cases -<br/>5 Parallel proceedings in intellectual property cases -<br/>6 Recognition and enforcement of foreign judgments in intellectual property cases -<br/>7 Conflict of laws, arbitration, and other dispute resolution in intellectual property cases.
520 ## - SUMMARY, ETC.
Summary, etc. "Complex conflict of laws issues arise in cross-border transactions and cross-border litigation concerning intellectual property (IP) rights. This book sets out the key principles of conflict of laws as they apply to IP cases and analyses essential conflict-of-laws concepts and rules in light of their practical application in the IP law context. Examining the problems that can emerge from the convergence of IP law and conflict of laws, Marketa Trimble examines issues that arise not only in civil litigation but also in alternative dispute-resolution processes, including in internet domain name dispute resolution and private ordering mechanisms. Drawing on the latest scholarship, this book consolidates and advances academic research at the intersection of IP and conflict of laws, highlighting developments for the future. Intellectual Property and Conflict of Laws is a crucial resource for students and scholars specialising in IP law and transnational litigation. Practitioners and business professionals in IP-intensive industries such as high-tech, arts and entertainment will also benefit from the insights in this book"--
Assigning source Provided by publisher.
650 ## - SUBJECT ADDED ENTRY--TOPICAL TERM
Topical term or geographic name entry element Intellectual Property Rights Law
650 ## - SUBJECT ADDED ENTRY--TOPICAL TERM
Topical term or geographic name entry element Conflict of Laws.
906 ## - LOCAL DATA ELEMENT F, LDF (RLIN)
a 0
b ibc
c orignew
d 2
e epcn
f 20
g y-gencatlg
942 ## - ADDED ENTRY ELEMENTS (KOHA)
Source of classification or shelving scheme Dewey Decimal Classification
Koha item type BOOKs
Holdings
Withdrawn status Lost status Source of classification or shelving scheme Materials specified (bound volume or other part) Damaged status Not for loan Home library Current library Shelving location Date acquired Source of acquisition Cost, normal purchase price Total Checkouts Full call number Barcode Date last seen Price effective from Koha item type Public note
    Dewey Decimal Classification HB   Not For Loan NLS NLS New Arrival - Display Area 08/06/2026 Purchased - Segment Book 12464.00   346.048 TRI 40861 08/06/2026 08/06/2026 BOOKs Recommended by Prof. Dr. Arul George Scaria